LEADER 03129oam 2200745I 450 001 9910453190503321 005 20200520144314.0 010 $a0-415-82142-8 010 $a0-203-63017-3 010 $a1-135-95254-X 024 7 $a10.4324/9780203630174 035 $a(CKB)2550000001064107 035 $a(EBL)1215631 035 $a(OCoLC)851972175 035 $a(SSID)ssj0000890809 035 $a(PQKBManifestationID)12468378 035 $a(PQKBTitleCode)TC0000890809 035 $a(PQKBWorkID)10887442 035 $a(PQKB)10165795 035 $a(MiAaPQ)EBC1215631 035 $a(Au-PeEL)EBL1215631 035 $a(CaPaEBR)ebr10720664 035 $a(CaONFJC)MIL498578 035 $a(OCoLC)849936267 035 $a(OCoLC)860715810 035 $a(EXLCZ)992550000001064107 100 $a20180706d2013 uy 0 101 0 $aeng 135 $aur|n|---||||| 181 $ctxt 182 $cc 183 $acr 200 10$aChinese industrial espionage $etechnology acquisition and military modernisation /$fWilliam C. Hannas, James Mulvenon and Anna B. Puglisi 210 1$aAbingdon, Oxon :$cRoutledge,$d2013. 215 $a1 online resource (316 p.) 225 1 $aAsian security studies 225 0$aAsian security studies 300 $aDescription based upon print version of record. 311 $a0-415-82141-X 311 $a1-299-67328-7 320 $aIncludes bibliographical references and index. 327 $aCover; Title; Copyright; Contents; List of Illustrations; List of Abbreviations; Acknowledgments; Introduction; 1 China's History of Relying on Western Technology; 2 China's Use of Open Sources; 3 Trade For Technology; 4 PRC-based Technology Transfer Organizations; 5 US-based Technology Transfer Organizations; 6 China's Foreign Students in the United States; 7 Bringing Technology ""Back"" to China; 8 Traditional Chinese Espionage; 9 Chinese Cyber Espionage; 10 Chinese Industrial Espionage in Context; Conclusion; Appendix 1 Case Histories of Chinese Industrial Espionage 327 $aAppendix 2 Protecting against the China Cyber ThreatBibliography; Index 330 $a
Written by two of America's leading government analysts and an expert on Chinese cyber networks, this new book is the first full account, inside or outside government, of China's efforts to acquire foreign technology.
410 0$aAsian Security Studies 606 $aBusiness intelligence$zChina 606 $aBusiness intelligence$zUnited States 606 $aTechnology transfer$zChina 606 $aTechnology transfer$zUnited States 608 $aElectronic books. 615 0$aBusiness intelligence 615 0$aBusiness intelligence 615 0$aTechnology transfer 615 0$aTechnology transfer 676 $a338.6 700 $aHannas$b Wm. C.$f1946-,$0954872 701 $aMulvenon$b James C.$f1970-$0905737 701 $aPuglisi$b Anna B$0954873 801 0$bMiAaPQ 801 1$bMiAaPQ 801 2$bMiAaPQ 906 $aBOOK 912 $a9910453190503321 996 $aChinese industrial espionage$92159723 997 $aUNINA LEADER 02598nam 2200373 450 001 9910734353203321 005 20230816141251.0 024 7 $a10.3390/books978-3-0365-7975-7 035 $a(CKB)5470000002907777 035 $a(NjHacI)995470000002907777 035 $a(EXLCZ)995470000002907777 100 $a20230816d2023 uy 0 101 0 $aeng 135 $aur||||||||||| 181 $ctxt$2rdacontent 182 $cc$2rdamedia 183 $acr$2rdacarrier 200 00$aAdvances in Aquaculture Ecology Research /$fedited by Xiangli Tian and Li Li 210 1$aBasel, Switzerland :$cMDPI - Multidisciplinary Digital Publishing Institute,$d[2023] 210 4$dİ2023 215 $a1 online resource (180 pages) 311 $a3-0365-7975-3 330 $aThe discipline of aquaculture ecology is developing rapidly and has generated much valuable progress in recent decades. This book mainly describes the recent advances in the individual ecology of commercial aquatic organisms, the ecology of aquaculture systems, the interaction between aquaculture activities and the environment, the structure of function of microbial communities, the principles of environmental management in aquaculture ecosystems, etc. Aquaculture is one of the fastest-growing human activities, and has achieved high and predictable yields in recent decades. However, the industry is also facing numerous long-term challenges, such as environmental pollution, excessive resource consumption, etc. Aquaculture ecology aims to lay an ecological foundation for the sustainable development of aquaculture. This book hosts 10 papers and 1 editorial, with topics including, but not limited to, the impact of floating raft aquaculture on the hydrodynamic environment of an open sea area; the bioremediation of aquaculture wastewater using seaweed; the production environment in biofloc systems; the effects of various environmental factors, including temperature, carbonate alkalinity and protein levels in compound feed on commercial aquatic species; advances in ecology research on major integrated rice field aquaculture models in China, etc. The advances in aquaculture ecology research collected in this book can provide references for the sustainable development of aquaculture. 606 $aAgricultural ecology 615 0$aAgricultural ecology. 676 $a577.55 702 $aTian$b Xiangli 702 $aLi$b Li 801 0$bNjHacI 801 1$bNjHacl 906 $aBOOK 912 $a9910734353203321 996 $aAdvances in Aquaculture Ecology Research$93400912 997 $aUNINA